American Civil Rights Movement Quiz - Statistics

General Stats
  • This quiz has been taken 329 times
  • The average score is 12 of 20
Answer Stats
Answer % Correct
Martin Luther King Jr
95%
Rosa Parks
95%
Ku Klux Klan
87%
Malcolm X
87%
Montgomery
83%
Lyndon Johnson
79%
Brown v. Board of Education
78%
Little Rock
77%
Emmett Till
72%
1965
67%
NAACP
66%
Jim Crow Laws
62%
Birmingham
59%
Selma
58%
Freedom Rides
49%
Memphis
37%
George Wallace
30%
Woolworth's
23%
Mississippi Burning
22%
Watts
22%
No matching quizzes found
Score Distribution
Percent of People with Each Score
Percentile by Number Answered
Your Score History
You have not taken this quiz